000 00678nam a22002177a 4500
005 20240508164551.0
010 _aENG-140195
020 _c450.00
_a9788119078950
035 _aEN-123727
037 _bDBAD
082 _a230.35
100 _aShangari T. R.
_965982
245 _aNam Essence Of Spirituality/
_cBy T. R. Shangari...[et.al]
260 _aPunjab
_bD. K. Sikri
_c2023
270 _aRadha Soami Satsang Beas Dera Baba Jaimal Singh Punjab
_bPunjab
_e143204
300 _a360p.
_c22cm(pb)
700 _aKirpal Singh Khak
_964815
700 _aGurdip Singh Bhandari
_964816
700 _aManmohan Sehgal
_964817
942 _2ddc
_cEN
_mSHA
_h230.35
999 _c202248
_d202248